000 00782nam a2200205 i 4500
001 56216
003 ES-MaACL
007 t|
008 031006s1917 sp ||||1| cat d
245 0 0 _aDiccionari ortográfic
_b: precedit d'una exposició de l'ortografia catalana segons el sistema e l'I.D'E.C. /
_credactat sota la direcció de P. Fabra.
260 _aBarcelona :
_bInstitut d'Estudis Catalans,
_c1917.
300 _a447 p. ;
_c23 cm.
490 1 _aPublicacions de l'Institut de la Llengua Catalana
500 _aIncluye índice de nombres geográficos.
700 1 _aFabra, Pompeu.
_948525
710 2 _aInstitut d'Estudis Catalans.
_94743
830 0 _aPublicacions de l'Institut de la Llengua Catalana
_9230376
852 _aES-MaACL
_jG-4989
999 _c56216
_d56216